1887 1074 1099 1125 1737 1727 1174 1609 1789 1949 1408 1629 1828 1465 1621 1689 1179 1525 1530 1031 1936 1636 1393 1221 1750 1049 1103 1364 1639 1437 1946 1768 1890 1404 1944 1686 1194 1988 1567 1769 1379 1474 1497 1414 1669 1396 1977 1740 1456 1286 1579 1277 1294 1360 1474 1177 1947 1336 1490 1579 1601 1773 1137 1445 1656 1994 1703 1007 1536 1859 1496 1865 1688 1886 1951 1336 1439 1129 1622 1171 1305 1512 1435 1005 1888 1982 1900 1826 1047 1765 1176 1550 1211 1192 1253 1110 1527 1567 1142 BCNSPRNW ULIB Ver.6.0+V

เปลี่ยนเป็นภาษาไทย

Change to English
 แสดงรายละเอียดบรรณานุกรม
  กลับหน้าหลัก

Brief Record : Get Marc (ISO 2709) : E-mail record : QR code < ปิดหน้าต่าง
LEADER : 00000nam 2200000uu 4500
001    13399123170
003     ULIB
008    130709s2551||||th 000 0 tha d
020    ^a9789740466680
090    ^aนว.^bS788
100 0  ^aStanley
245 00 ^aยุ่งนักเจอรักนายเจ้าพ่อ/^cStanley&Waraporn
250    ^aพิมพ์ครั้งที่ 1
260    ^aกรุงเทพฯ :^bนกฮูก,^c2551
300    ^a173หน้า
700 0  Waraporn
710 1  ^aนกฮูก
945    ^p149^l0^i20318
995    ^aทศพร
999    ^aทศพร เกษรทอง
รายการนี้ยังไม่มีแท็ก
คุณยังไม่ได้ล็อกอิน คุณสามารถมีกิจกรรมร่วมกับเว็บไซต์ได้ แต่ต้องล็อกอินก่อน ::
  ล็อกอิน

รายการสื่อสารสนเทศ

ลำดับที่ ประเภท เลขเรียก/บาร์โค้ด สถานที่ สถานะ
1. นวนิยาย
นวนิยาย
นว. S788 ฉ.1 
  Barcode: 20318
ห้องสมุดวิทยาเขตนครสวรรค์
►นวนิยาย:l:Fiction
บนชั้น

รายการใกล้เคียง
    ผู้แต่ง [Stanley]

BibComment


ยังไม่เคยถูกคอมเมนท์

คอมเมนท์ทรัพยากรรายการนี้
  คอมเมนท์: ยุ่งนักเจอรักนาย..


 Copyright 2026. Bcnsprnw @Library